000
00506nam a2200133Ia 4500
008
100328s9999 xx 000 0 und d
082
_b
11811
100
_a
मोरे विश्वनाथ आणि खरात ह.शि.
245
_a
रवींद्रनाथ टागोर
260
_b
राष्ट्रीय चरित्रमाला
630
_a
रवींद्रनाथ टागोर
730
_a
रवींद्रनाथ टागोर
942
_c
BOOK
999
_c
507120
_d
507117